000 00683nam a2200289Ia 4500
005 20260324143032.0
008 008 260324s9999 xx 000 0 eng d
020 _a9781003556725
037 _aEBOOK
040 _aCRL
040 _beng
040 _cCRL
041 _2eng
041 _aeng
084 _qCRL
100 _aH.J. Blumenthal
_91214153
245 0 _aSoul and Intellect
245 0 _bStudies in Plotinus and Later Neoplatonism
260 _bTaylor and Francis
260 _c1993
365 _a
365 _b56.99
856 _uhttp://www.taylorfrancis.com/books/9781003556725
942 _cEBOOK
999 _c1819065
_d1819065